| 000 | 01017cad a22002535a 4500 | ||
|---|---|---|---|
| 001 | E152423 | ||
| 008 | 110307s2011 xxk s000 0 eng u | ||
| 020 | _a9781780450438 | ||
| 035 | _a(Sirsi) u152423 | ||
| 041 | _aeng | ||
| 050 | 0 | 4 | _a711.1 $2 18 |
| 110 |
_aScotland _bScottish Government _95344 |
||
| 245 | 0 | 0 |
_aPlanning advice note PAN 1/2011 _bplanning and noise _h[electronic resource] |
| 260 |
_aEdinburgh _bScottish Government _c2011 |
||
| 490 |
_aPlanning Advice Note _v(1/2011) |
||
| 520 | _aAdvises on how the planning system can assist in the prevention of problems caused by noise. Supersedes Circular 10/1999 Planning and Noise and PAN 56 Planning and Noise, which are now revoked. | ||
| 521 | _aAdvanced | ||
| 590 | _aKA | ||
| 650 | _aPAN1/2011 | ||
| 651 | 4 |
_aScotland _y1999- |
|
| 690 | _aENVIRONMENTAL AND LAND CONSULTANCY-PLANNING AND DEVELOPMENT | ||
| 856 | 4 | 0 |
_uhttps://www.scotland.gov.uk/Publications/2011/02/28153945/0 _zView the PAN free of charge at www.scotland.gov.uk |
| 942 | _n0 | ||
| 999 |
_c112054 _d112054 |
||